logo

Bir Sreshtho Munshi Abdur Rouf Library
Jhenaidah Cadet College

দ্বিতীয় দিনের কাহিনী / (Record no. 11272)

MARC details
000 -LEADER
fixed length control field 00742nam a2200229 a 4500
001 - CONTROL NUMBER
JCCL Control Number 11272
003 - CONTROL NUMBER IDENTIFIER
JCCL marc code BD-JhCC
005 - DATE AND TIME OF LATEST TRANSACTION
control field 20190824130045.0
008 - FIXED-LENGTH DATA ELEMENTS--GENERAL INFORMATION
fixed length control field 190620s 2017bg |||| ||a| 000 0 ben d
020 ## - INTERNATIONAL STANDARD BOOK NUMBER
International Standard Book Number 9789849274377
035 ## - SYSTEM CONTROL NUMBER
system control number (BD-JhCC)11272
040 ## - CATALOGING SOURCE
Original cataloging agency BD-JhCC
Modifying agency BD-JhCC
041 ## - LANGUAGE CODE
Language code of Book ben
082 ## - DEWEY DECIMAL CLASSIFICATION NUMBER
Author mark and Year HAQ 2017
Classification number 891.443
100 ## - MAIN ENTRY--PERSONAL NAME
Personal name হক, সৈয়দ শামসুল
245 ## - TITLE STATEMENT
Title দ্বিতীয় দিনের কাহিনী /
Statement of responsibility, etc সৈয়দ শামসুল হক ।
260 ## - PUBLICATION, DISTRIBUTION, ETC. (IMPRINT)
Place of publication, distribution, etc ঢাকা:
Name of publisher, distributor, etc প্রথমা প্রকাশনী;
Date of publication, distribution, etc ২০১৭.
300 ## - PHYSICAL DESCRIPTION
Pagination ১১৯ পৃ. :
Dimensions ২২ সেমি.
650 ## - SUBJECT ADDED ENTRY--TOPICAL TERM
Topical term or geographic name as entry element Bengali Novel
942 ## - ADDED ENTRY ELEMENTS (KOHA)
Source of classification or shelving scheme Dewey Decimal Classification
Koha item type Books
Holdings
Source of classification or shelving scheme Damaged status Not for loan Home library Current library Shelving location Date of accession Cost, normal purchase price Total Checkouts Full call number Barcode Date last seen Copy number Koha item type
Dewey Decimal Classification     JCC Rouf Library JCC Rouf Library General Stacks 06/20/2019 204.00   891.443 HAQ 2017 15306 08/20/2019 C-1 Books

JCC Library | Contacts | JCC Home

Last Update on 23 September 2017
Copyright @ 2017-2020 JCC Rouf Library
Rouf Library, Jhenidah Cadet College (JCC), Bangladesh